[Event "Matinhos Caioba-ch"]
[Site "Matinhos"]
[Date "2015.08.30"]
[Round "5"]
[White "Durante, Taina Seidel"]
[Black "Arantes, Francisco Antonio"]
[Result "1-0"]
[WhiteElo "1701"]
[BlackElo "1793"]
[PlyCount "120"]
[EventDate "2015.08.28"]
[EventType "swiss"]
[EventRounds "6"]
[EventCountry "BRA"]
[SourceTitle "EXT 2016"]
[Source "ChessBase"]
[SourceDate "2015.10.08"]
[SourceVersion "1"]
[SourceVersionDate "2015.10.08"]
[SourceQuality "1"]

1. e4 c5 2. Nc3 e6 3. g3 Nc6 4. Bg2 Nf6 5. d3 h6 6. f4 d5 7. e5 Nh7 8. Nf3 Qa5 9. 0-0 Be7 10. Re1 Qb6 11. Kh1 Nd4 12. Ng1 0-0 13. Nce2 Bd7 14. Nh3 Bc6 15. Nxd4 cxd4 16. Qg4 f5 17. exf6 Rxf6 18. Rxe6 Qc7 19. Rxf6 Bxf6 20. Qe6+ Qf7 21. Qxf7+ Kxf7 22. Bd2 Re8 23. Bf3 b6 24. Re1 Rxe1+ 25. Bxe1 Ke6 26. Nf2 a5 27. Ng4 Ba4 28. b3 Bc6 29. Nxf6 gxf6 30. Bf2 b5 31. Bxd4 Nf8 32. Kg2 Ng6 33. Bg4+ Ke7 34. Bc5+ Kf7 35. Bh5 Kg7 36. Bf3 Kf7 37. Kf2 Ne7 38. Bxe7 Kxe7 39. g4 Kf7 40. Kg3 Kg7 41. c4 b4 42. cxd5 Bd7 43. Be4 a4 44. h4 a3 45. f5 Kf7 46. Kf3 Kg7 47. Ke3 Kf7 48. Kd4 Ke7 49. Kc5 Bc8 50. d6+ Kd7 51. Bc6+ Kd8 52. Kxb4 Ba6 53. Kc3 Bc8 54. b4 h5 55. gxh5 Bxf5 56. b5 Be6 57. h6 Bg8 58. b6 f5 59. b7 Be6 60. b8Q+ Bc8 1-0